000 00911nam a22001815i 4500
001 154985
003 ES-MaACL
005 20251115063310.0
008 000718s1854 sp |||| | spa d
040 _aAR
_bspa
_cAR
100 1 _aGutiérrez de Alba, José María,
_d1822-1897
_9127661
245 1 0 _aAventura de un cantante
_b: entremés lirico-dramático (episodio histórico de la vida de José María) original y en verso /
_cpor Jose Maria Gutierrez de Alba ; música de Francisco A. Barbieri.
260 _aMadrid :
_bCirculo Literario Comercial,
_c1854 (
_fImp. á cargo de C. Gonzalez)
300 _a19 p. ;
_c19 cm.
700 1 _aBarbieri, Francisco A.,
_d1823-1894
_925463
852 _aES-MaACL
_jF-8551(1)
_z-- Enc. pasta española
_q-- Falto de la cub. original
_z-- Enc. en un vol. facticio, formando parte de la col. facticia "Teatro español moderno", vol. 3
999 _c154985
_d154985